| 000 | 00549cam a2200145 i 4500 | ||
|---|---|---|---|
| 020 | _a0125514506 | ||
| 082 | 0 | 0 |
_a005.1 _bSOF _cMCE-L-10;P-74 |
| 245 | 1 | 0 |
_aSoftware engineering : _bproceedings of a symposium held at the Queen's University of Belfast, 1976 / _cedited by R. H. Perrott. |
| 260 |
_aLondon ; _aNew York : _bAcademic Press, _c1977. |
||
| 300 |
_axii, 203 p. : _bill. ; _c24 cm. |
||
| 526 |
_a0 _b0 _c0 _d005_100000000000000_SOF |
||
| 650 | 0 |
_aSoftware engineering _xCongresses. _936620 |
|
| 700 | 1 |
_aPerrott, Ronald H., _936621 |
|
| 942 |
_2ddc _cBK |
||
| 999 |
_c541641 _d541641 |
||